| 000 | 02622nim a2200577 i 4500 | ||
|---|---|---|---|
| 001 | rcw90000567 | ||
| 003 | CtWfDGI | ||
| 005 | 20200320212530.0 | ||
| 007 | sd fungnnmmned | ||
| 008 | 180226s2018 mdunnnn f n eng d | ||
| 020 | _a9781501997464 | ||
| 028 | 0 | 1 |
_aCW0567 _bRecorded Books |
| 040 |
_aCtWfDGI _beng _erda _cCtWfDGI |
||
| 043 | _an-us-nm | ||
| 050 | 1 | 4 |
_aPS3537.P652 _bB58 2018b |
| 082 | 0 | 4 |
_a813/.6 _223 |
| 098 | 1 | 4 |
_aV _aSPIL _aBS _aS 67 |
| 100 | 1 |
_aSpillane, Mickey, _d1918-2006, _eauthor. _92428 |
|
| 245 | 1 | 4 |
_aThe bloody spur _h[sound recording] / _cMickey Spillane and Max Allan Collins. |
| 250 | _aUnabridged. | ||
| 264 | 1 |
_aPrince Frederick, MD : _bRecorded Books, _c[2018] |
|
| 264 | 4 | _c2018 | |
| 300 |
_a5 sound discs (5 hr., 30 min.) : _bdigital ; _c4 3/4 in. |
||
| 336 | _aspoken word | ||
| 337 | _aaudio | ||
| 338 | _aaudio disc | ||
| 344 |
_adigital _boptical _c1.4 m. per second _hDigital recording _2rda |
||
| 347 |
_aaudio file _bCD audio _2rda |
||
| 490 | 0 | _aA Caleb York western | |
| 490 | 0 | _aWestern audio | |
| 500 | _aSequel to: The big showdown. | ||
| 500 | _aTitle from container. | ||
| 511 | 0 | _aNarrated by Corey M. Snow. | |
| 500 | _aCompact disc. | ||
| 500 | _aIn container (17 cm.). | ||
| 520 | _aThe Santa Fe Railroad wants to build a spur through Trinidad, New Mexico, linking the town to the cattle trade. Only one man stands against it - rancher George Cullen. At the request of the town council, Sheriff Caleb York rides out to the Bar-O to reason with his old friend. With murder in the wind, the whole town's in danger. To bring a killer to justice, and protect the woman he loves, Caleb York must strap down his Colt .44, enter the big game, and bet his life on the turn of a card - and the speed of his draw. | ||
| 650 | 0 |
_aGunfighters _vFiction. _95715136 |
|
| 651 | 0 |
_aNew Mexico _vFiction. _95681168 |
|
| 655 | 7 |
_aWestern fiction. _2gsafd _95687771 |
|
| 655 | 7 |
_aWestern fiction. _2lcgft _95687771 |
|
| 655 | 7 |
_aAudiobooks. _2lcgft _95976037 |
|
| 700 | 1 |
_aCollins, Max Allan, _eauthor. _919334 |
|
| 700 | 1 |
_aSnow, Corey, _enarrator. _95976038 |
|
| 710 | 2 |
_aRecorded Books, Inc. _960865 |
|
| 856 | 4 |
_3recordedbooks.com _uhttps://www.recordedbooks.com/title-details/9781501997464 |
|
| 856 | 4 |
_3RBMedia _uhttp://d2cv0ie6dlin9h.cloudfront.net/CW0567/CW0567_image_148x230.jpg |
|
| 942 |
_cCD _05 |
||
| 945 | _c(OCoLC)1027058524 | ||
| 948 |
_a08/13/2018 _zSirsi |
||
| 996 |
_a152057 _b34301001557240 _cCD _dCD _ewcl _fo _g5 _h102.75 _i.CIRCNOTE. 5 discs _lrecordedbook _mSpi _p08/13/2018 _q02/25/2020 _r02/25/2020 |
||
| 999 |
_c311038 _d311037 |
||